Statistics for European countries by historical region

Click here to take the quiz!

General Stats

  • This quiz has been taken 34 times
  • The average score is 10 of 15

Answer Stats

RegionCountry% Correct
BavariaGermany
100%
SkåneSweden
91%
Basque CountrySpain | France
88%
SalentoItaly
79%
PomeraniaPoland | Germany
76%
KareliaRussia | Finland
76%
RoussillonFrance
67%
PaeoniaNorth Macedonia | Greece | Bulgaria
64%
MunsterIreland
61%
LivoniaLatvia | Estonia
61%
AppenzellSwitzerland
61%
MazoviaPoland
58%
Galicia*Poland | Ukraine
58%
PannoniaHungary | Austria | Croatia | Slovenia
55%
BukovinaRomania | Ukraine
55%

Score Distribution

Percentile by Number Answered

Percent of People with Each Score

Your Score History

You have not taken this quiz